000 00275nam a2200109Ia 4500
008 200302s9999 xx 000 0 und d
100 _aTony P. Wrenn & Other
245 _aAmerica's Forgotten Architecture
260 _bPhantheon Books Ltd.
260 _c1976
300 _a311 P.,
999 _c2168
_d2168